Proces transformácie hospodárstva a regionálny rozvoj teoretické a metodologické aspekty

Enregistré dans:
Détails bibliographiques
Auteur principal: Ivaničková, Alžbeta
Format: Livre
Langue:slovaque
Publié: Bratislava VÚNH EU 1997
Collection:Štúdie
Sujets:
Tags: Ajouter un tag
Pas de tags, Soyez le premier à ajouter un tag!

MARC

LEADER 00000nam a2200000 4500
001 c100779
005 20221109111602.3
022 |a 1335-1419 
041 0 |a slo 
044 |a SK 
245 1 0 |a Proces transformácie hospodárstva a regionálny rozvoj  |b teoretické a metodologické aspekty  |c Riešiteľka Alžbeta Ivaničková 
264 1 |a Bratislava  |b VÚNH EU  |c 1997 
300 |a 33 s.  |e obr., mapy 
490 1 |a Štúdie 
830 0 |a Štúdie 
610 2 0 |a transformácia 
610 2 0 |a rozvoj regionálny 
610 2 0 |a usporiadanie územné 
610 2 0 |a Slovensko 
100 1 |a Ivaničková, Alžbeta